Notes préliminairs sur les "Crania hispanica" / (Record no. 81351)

MARC details
000 -LEADER
campo de control de longitud fija 00662nam a2200193 i 4500
001 - NÚMERO DE CONTROL
campo de control 81351
003 - IDENTIFICADOR DE NÚMERO DE CONTROL
campo de control ES-MaACL
005 - FECHA Y HORA DE LA ÚLTIMA TRANSACCIÓN
campo de control 20230906174423.0
007 - CAMPO FIJO DE DESCRIPCIÓN FÍSICA--INFORMACIÓN GENERAL
campo de control de longitud fija t|
008 - DATOS DE LONGITUD FIJA--INFORMACIÓN GENERAL
campo de control de longitud fija 041104q1913 fr ||||1| fre d
100 1# - ENTRADA PRINCIPAL--NOMBRE DE PERSONA
Nombre de persona Hoyos Sáinz, Luis de,
Fechas asociadas al nombre 1868-1951
9 (RLIN) 64437
245 10 - MENCIÓN DEL TÍTULO
Título Notes préliminairs sur les "Crania hispanica" /
Mención de responsabilidad, etc. par Luis de Hoyos Sáinz et Luis de Aranzadi.
260 ## - PUBLICACIÓN, DISTRIBUCIÓN, ETC.
Lugar de publicación, distribución, etc. [Paris :
Nombre del editor, distribuidor, etc. s.n.,
Fecha de publicación, distribución, etc. 1913?]
300 ## - DESCRIPCIÓN FÍSICA
Extensión v.
500 ## - NOTA GENERAL
Nota general Es separata de: Bulletins et Mémoires de la Société d'Anthropologie de Paris. Séance du 20 fevrier 1913.
700 1# - ENTRADA AGREGADA--NOMBRE PERSONAL
Nombre de persona Aranzadi, Luis de.
9 (RLIN) 22333
852 ## - LOCALIZACIÓN
Ubicación ES-MaACL
Número de control de estantería T-1434-F-8
Holdings
Estatus retirado Estado de pérdida Estado de daño No para préstamo Colección Biblioteca de origen Biblioteca actual Ubicación en estantería Fecha de adquisición Fuente de adquisición Total de préstamos Signatura topográfica completa Código de barras Visto por última vez Precio de reemplazo Tipo de ítem Koha
        Colección de folletos Biblioteca del Ateneo de Madrid Biblioteca del Ateneo de Madrid Depósito folletos 17/01/2008     T-1434-F-8 1085042 23/02/2023 23/02/2023 Folleto